Vainqueur en Formule Électrique - Statistiques

Statistiques générales
  • Ce quiz a été pris 18 fois
    11 depuis la dernière actualisation
  • Le résultat moyen est 11 sur 24
Statistiques - réponses
Nombre de victoire Pilote Pays % Correct
14 Sébastien Buémi Suisse
100%
12 Antonio Felix Da Costa Portugal
86%
11 Jean-Éric Vergne France
86%
13 Lucas di Grassi Brésil
86%
4 Nyck De Vries Pays-Bas
71%
7 Oliver Rowland Royaume-Uni
71%
8 Pascal Wehrlein Allemagne
71%
14 Mitch Evans Nouvelle-Zélande
57%
2 Nelson Piquet Jr Brésil
57%
4 Stoffel Vandoorne Belgique
57%
6 Edoardo Mortara Suisse / Italie
43%
6 Jake Dennis Royaume-Uni
43%
3 Nicolas Prost France
43%
12 Sam Bird Royaume-Uni
43%
1 Alex Lynn Royaume-Uni
29%
1 Dan Ticktum Royaume-Uni
29%
3 Felix Rosenqvist Suède
29%
3 Jérôme d'Ambrosio Belgique
29%
6 Maximilian Gunther Allemagne
29%
12 Nick Cassidy Nouvelle-Zélande
29%
2 Daniel Abt Allemagne
14%
1 Norman Nato France
14%
2 Robin Frijns Pays-Bas
14%
1 Alexander Sims Royaume-Uni
0%
Aucun quiz correspondant
Distribution des résultats
% des personnes avec chaque résultat
Percentile par nombre de réponses
Votre historique - résultats
Vous n’avez pas pris ce quiz depuis la dernière actualisation